Osteoporosis : brittle bones and the calcium crisis /

Bibliographic Details
Main Author: Mayes, Kathleen, 1931-
Format: Book
Language:English
Published: Santa Barbara, Calif. : Pennant Books, [1986]
Subjects:

MARC

Tag First Indicator Second Indicator Subfields
LEADER 00000cam a2200000 a 4500
001 in00000009172
005 20151007051504.0
008 850826s1986 cauac b 00110 eng d
010 |a  85021456  
020 |a 0915201143 
020 |a 0915201151 (pbk.) 
035 |a (OCoLC)12558281 
035 |9 AAA3247AM 
040 |a DNLM/DLC  |c DLC  |d m/c  |d TXA  |d UtOrBLW 
049 |a TXAM  |c [A12635494] 
050 0 0 |a RC931.O73  |b M39 1986 
060 0 |a WE 250 M468o 
082 0 |a 616.7/1  |2 19 
100 1 |a Mayes, Kathleen,  |d 1931- 
245 1 0 |a Osteoporosis :  |b brittle bones and the calcium crisis /  |c by Kathleen Mayes. 
264 1 |a Santa Barbara, Calif. :  |b Pennant Books,  |c [1986] 
264 4 |c ©1986 
300 |a 176 pages :  |b illustrations, portrait ;  |c 24 cm. 
336 |a text  |b txt  |2 rdacontent 
337 |a unmediated  |b n  |2 rdamedia 
338 |a volume  |b nc  |2 rdacarrier 
504 |a Bibliography: pages 159-161. 
500 |a Includes index. 
650 0 |a Osteoporosis  |v Popular works. 
650 0 |a Calcium in the body. 
650 0 |a Women  |x Health and hygiene. 
999 |a MARS 
999 f f |s bdc1ab8e-03ca-3a82-8652-d2128aef328a  |i ce9126a4-e002-3e13-b6ec-f308c3837c7c  |t 0 
952 f f |p ric  |a Texas A&M University  |b Rellis Campus  |c Joint Library Facility  |d Remote Storage  |t 0  |e RC931.O73 M39 1986  |h Library of Congress classification  |i unmediated -- volume  |m A14812635494 
998 f f |a RC931.O73 M39 1986  |t 0  |l Remote Storage